Wirtschaftsdeutsch im Personalmanagement Arbeitsbuch

Gespeichert in:
Bibliographische Detailangaben
1. Verfasser: Ondrčková, Eva
Format: Buch
Sprache:Deutsch
Slowakisch
Veröffentlicht: Bratislava Vydavateľstvo EKONÓM 1998
Schlagworte:
Tags: Tag hinzufügen
Keine Tags, Fügen Sie das erste Tag hinzu!

MARC

LEADER 00000nam a2200000 4500
001 c119568
005 20221109094841.6
020 |a 80-225-1020-3 
041 0 |a ger 
041 0 |a slo 
044 |a SK 
245 1 0 |a Wirtschaftsdeutsch im Personalmanagement  |b Arbeitsbuch  |c Eva Ondrčková 
264 1 |a Bratislava  |b Vydavateľstvo EKONÓM  |c 1998 
300 |a 52 s. 
610 2 0 |a jazykoveda 
610 2 0 |a terminológia 
610 2 0 |a manažment personálny 
610 2 0 |a zdroje ľudské 
100 1 |a Ondrčková, Eva